000 00864nam0a22002651 4500
001 rc\720782
005 20260406150008.0
010 _a985-6021-93-6
_9100000
035 _a(NLR Aleph) 005964075
090 _a6877338
_c6877338
100 _a20031121d1996 |||y0rusy50 ca
101 0 _arus
102 _aRU
105 _aa |||||||||
200 1 _aВанька-встанька
_e[Для дошк. возраста]
_fС. Маршак
_g[Худож. С. Селецкий]
210 _aМинск
_cМЕТ
_d1996
215 _a[14] с.
_cцв. ил.
_d13
225 1 _aМоя первая библиотека
700 1 _8rus
_7ca
_aМаршак
_bС. Я.
_f1887-1964
_gСамуил Яковлевич
_3RU\NLR\AUTH\774792
_9114767
801 0 _aRU
_bNLR
_gpsbo
801 1 _aRU
_bELAR
_2rusmarc
852 _aNLR
_j98-1/310
942 _cBOOK
980 _aNB